| 000 | 00448nam a2200181Ia 4500 | ||
|---|---|---|---|
| 001 | 16639 | ||
| 005 | 20260306170324.0 | ||
| 008 | 260306t2022||||xx |||||||||||||| ||und|| | ||
| 041 | _aESP | ||
| 082 |
_a348.81 _bO26 |
||
| 100 |
_aObregón Sevillano, Tulio _eAUT |
||
| 245 | 0 |
_aPrestaciones económicas: _bsubsidios ESSALUD |
|
| 260 | _c2022 | ||
| 300 |
_a127 páginas : _c24 cm. |
||
| 650 | _aGEN | ||
| 654 | _aCDE | ||
| 942 |
_cLIB _dJUS _fJUS _2ddc _n |
||
| 999 |
_c16639 _d16639 |
||